[Event "Cellavision Cup 2019"]
[Site "Lund"]
[Date "2019.08.02"]
[Round "3.13"]
[White "Lindahl, Emil"]
[Black "Seo, Jung Min"]
[Result "0-1"]
[WhiteElo "2180"]
[BlackElo "2399"]
[Annotator "NA"]
[PlyCount "64"]
[EventDate "2019.08.02"]
[EventType "swiss"]
[EventCountry "SWE"]
[SourceTitle "playchess.com"]
[Source "ChessBase"]
[SourceQuality "1"]
[TimeControl "900+5"]

1. d4 {[%emt 0:00:00]} Nf6 {[%emt 0:00:00]} 2. Bg5 {[%emt 0:00:00]} d5 {[%emt 0:00:03]} 3. Nd2 {[%emt 0:00:00]} Nbd7 {[%emt 0:00:08]} 4. Ngf3 {[%emt 0:00:05]} c6 {[%emt 0:00:18]} 5. e3 {[%emt 0:00:09]} e6 {[%emt 0:00:01]} 6. Bd3 {[%emt 0:00:06]} Be7 {[%emt 0:00:02]} 7. O-O {[%emt 0:00:03]} O-O {[%emt 0:00:13]} 8. c4 {[%emt 0:00:23]} b6 {[%emt 0:00:19]} 9. Rc1 {[%emt 0:00:33] D30: Queen's Gambit Declined: Systems without Nc3} (9. Qc2 Bb7 10. Rfd1 h6 11. Bh4 c5 12. Bf1 Rc8 13. dxc5 Nxc5 14. Rac1 Nfe4 15. Bxe7 Qxe7 16. cxd5 exd5 {1-0 (44) Bu,X (2714)-Korobov,A (2605) Beijing 2008}) 9... Bb7 {[%emt 0:00:02]} 10. cxd5 {[%emt 0:00:44]} cxd5 {[%emt 0:00:04]} 11. Qe2 {[%emt 0:00:32] White is slightly better.} a6 {[%emt 0:00:51]} 12. Rc2 {[%emt 0:00:41]} Bd6 $146 {[%emt 0:01:07]} ({Predecessor:} 12... Rc8 13. Rfc1 Rxc2 14. Rxc2 Qa8 15. Ne5 {0-1 (74) Maderna,C-Eliskases,E Mar del Plata 1947}) 13. e4 {[%emt 0:00:21]} dxe4 {[%emt 0:00:10] The position is equal.} 14. Nxe4 {[%emt 0:00:02]} Be7 {[%emt 0:00:01]} 15. Ne5 {[%emt 0:00:48]} Nd5 {[%emt 0:02:18]} 16. Nd6 {[%emt 0:06:09]} Bxg5 {[%emt 0:00:09]} 17. Nxb7 {[%emt 0:00:20]} Qe7 {[%emt 0:00:37]} 18. Nc6 {[%emt 0:00:36]} Qf6 {[%emt 0:00:19]} 19. Bxa6 {[%emt 0:00:18]} Nb8 {[%emt 0:02:46]} 20. Bb5 {[%emt 0:01:16]} Rxa2 {[%emt 0:02:20]} 21. Ne5 {[%emt 0:00:15]} Qe7 22. Bc4 {[%emt 0:03:06]} Ra7 {[%emt 0:00:18]} 23. Qg4 {[%emt 0:00:21]} Rxb7 {[%emt 0:00:13]} 24. h4 {[%emt 0:00:04]} Bxh4 {[%emt 0:00:38]} 25. Re2 {[%emt 0:00:01]} Rd8 {[%emt 0:00:22]} 26. Rfe1 {[%emt 0:00:01]} Bf6 {[%emt 0:00:07]} 27. Qh5 {[%emt 0:00:06]} Nf4 {[%emt 0:00:11]} 28. Qh2 {[%emt 0:00:05]} Nxe2+ {[%emt 0:00:01]} 29. Bxe2 {[%emt 0:00:09]} Rxd4 {[%emt 0:00:08]} 30. Bh5 {[%emt 0:00:06]} g6 {[%emt 0:00:11]} 31. Bxg6 {[%emt 0:00:03]} fxg6 {[%emt 0:00:05]} 32. Nf3 {[%emt 0:00:06]} Rd8 {[%emt 0:00:03]} 0-1

[Event "Cellavision Cup 2019"]
[Site "Lund"]
[Date "2019.08.02"]
[Round "3.14"]
[White "Kristiansen, Jens"]
[Black "Olsson, Simon"]
[Result "1-0"]
[WhiteElo "2400"]
[BlackElo "2176"]
[Annotator "NA"]
[PlyCount "103"]
[EventDate "2019.08.02"]
[EventType "swiss"]
[EventCountry "SWE"]
[SourceTitle "playchess.com"]
[Source "ChessBase"]
[SourceQuality "1"]
[TimeControl "900+5"]

1. Nf3 {[%emt 0:00:00]} d5 {[%emt 0:00:00]} 2. g3 {[%emt 0:00:01]} c5 {[%emt 0:00:09]} 3. Bg2 {[%emt 0:00:04]} Nc6 {[%emt 0:00:01]} 4. O-O {[%emt 0:00:05]} e5 {[%emt 0:01:17]} 5. d3 {[%emt 0:00:03]} Nf6 {[%emt 0:00:19]} 6. e4 {[%emt 0:00:05]} dxe4 {[%emt 0:01:01]} 7. dxe4 {[%emt 0:00:03]} Qxd1 {[%emt 0:00:16]} 8. Rxd1 {[%emt 0:00:01]} Bg4 {[%emt 0:00:13]} 9. Nbd2 {[%emt 0:01:36] A08: King's Indian Attack} (9. Na3 Nd4 10. Rd3 Bd6 11. Nc4 Bc7 12. Ncxe5 Ne2+ 13. Kf1 Nxc1 14. Rxc1 Be6 15. b3 O-O 16. Re3 Rfd8 17. Nd3 c4 {1-0 (36) Kramnik,V (2779)-Dragnev,V (2508) Douglas 2018}) 9... Rd8 {[%emt 0:00:47]} 10. Rf1 $1 {[%emt 0:00:42]} Bd6 $146 {[%emt 0:02:17]} ({Predecessor:} 10... Be7 11. Nc4 Nd7 12. Re1 O-O 13. Ne3 Be6 14. c3 Nb6 15. Nf5 Bxf5 16. exf5 {1-0 (37) Andreasen,J (1979)-Justinussen,S (1925) Torshavn 2013}) 11. c3 {[%emt 0:00:14] The position is equal.} O-O {[%emt 0:00:03]} 12. h3 {[%emt 0:00:11]} Bc8 {[%emt 0:00:36]} 13. Nh4 {[%emt 0:00:30]} b5 {[%emt 0:00:27]} 14. Nf5 {[%emt 0:00:18]} Bb7 {[%emt 0:00:47]} (14... Bc7 $11 {keeps the balance.}) 15. Re1 {[%emt 0:00:45]} Bc7 {[%emt 0:00:35]} 16. a4 {[%emt 0:01:06]} a6 {[%emt 0:00:19]} 17. Nb3 {[%emt 0:00:21]} Nd7 {[%emt 0:00:52]} 18. Be3 {[%emt 0:00:29]} g6 {[%emt 0:01:23]} 19. Nh6+ {[%emt 0:00:13]} Kg7 {[%emt 0:00:01]} 20. Ng4 {[%emt 0:00:33]} c4 {[%emt 0:00:12]} 21. Bh6+ {[%emt 0:00:26]} Kg8 {[%emt 0:00:08]} 22. Bxf8 {[%emt 0:00:16]} Kxf8 {[%emt 0:00:14]} 23. axb5 {[%emt 0:00:09]} axb5 {[%emt 0:00:06]} 24. Nc1 {[%emt 0:00:31]} Nc5 {[%emt 0:00:38]} 25. Ne3 {[%emt 0:00:27]} Rd2 {[%emt 0:00:22]} 26. Re2 {[%emt 0:00:13]} Nb3 {[%emt 0:00:53]} 27. Rxd2 {[%emt 0:00:10]} Nxd2 {[%emt 0:00:04]} 28. Nd5 {[%emt 0:00:18]} Bd8 {[%emt 0:00:01]} 29. Na2 {[%emt 0:00:40]} Nb3 {[%emt 0:00:53]} 30. Rd1 {[%emt 0:00:06]} Ke8 {[%emt 0:00:03]} 31. Nab4 {[%emt 0:00:22]} Nxb4 {[%emt 0:00:05]} 32. Nxb4 {[%emt 0:00:05]} Nc5 {[%emt 0:00:19]} 33. Nd5 {[%emt 0:00:25]} Nd3 {[%emt 0:00:30]} 34. b3 {[%emt 0:00:39]} Bxd5 {[%emt 0:00:29]} 35. exd5 {[%emt 0:00:02]} Kd7 {[%emt 0:00:00]} 36. bxc4 {[%emt 0:00:28]} bxc4 {[%emt 0:00:01]} 37. Rb1 {[%emt 0:00:15]} Bc7 {[%emt 0:00:11]} 38. Bf1 {[%emt 0:01:07]} e4 {[%emt 0:00:02]} 39. Bxd3 {[%emt 0:00:20]} exd3 {[%emt 0:00:27]} 40. Kf1 {[%emt 0:00:27]} Be5 {[%emt 0:00:04]} 41. Rb4 {[%emt 0:00:09]} Bxc3 {[%emt 0:00:43]} 42. Rxc4 {[%emt 0:00:03]} d2 {[%emt 0:00:04]} 43. Ke2 {[%emt 0:00:01]} Ba5 {[%emt 0:00:00]} 44. Ra4 {[%emt 0:00:05]} Bc3 {[%emt 0:00:04]} 45. Ra3 {[%emt 0:00:23]} Bb4 {[%emt 0:00:02]} 46. Rb3 {[%emt 0:00:01]} Ba5 {[%emt 0:00:01]} 47. Rb7+ {[%emt 0:00:02]} Ke8 {[%emt 0:00:15]} 48. g4 {[%emt 0:00:23]} Bc3 {[%emt 0:00:08]} 49. d6 {[%emt 0:00:16]} Ba5 {[%emt 0:00:16]} 50. Re7+ {[%emt 0:00:06]} Kf8 {[%emt 0:00:02]} 51. Ra7 {[%emt 0:00:09]} Bb4 {[%emt 0:00:01]} 52. Ra8+ 1-0

[Event "Cellavision Cup 2019"]
[Site "Lund"]
[Date "2019.08.02"]
[Round "3.15"]
[White "Pedersen, Jacob Bang"]
[Black "Jepson, Christian"]
[Result "0-1"]
[WhiteElo "2152"]
[BlackElo "2391"]
[Annotator "NA"]
[PlyCount "128"]
[EventDate "2019.08.02"]
[EventType "swiss"]
[EventCountry "SWE"]
[SourceTitle "playchess.com"]
[Source "ChessBase"]
[SourceQuality "1"]
[TimeControl "900+5"]

1. d4 {[%emt 0:00:00]} d5 {[%emt 0:00:31]} 2. c4 {[%emt 0:00:01]} e6 {[%emt 0:00:03]} 3. Nc3 {[%emt 0:00:10]} Nf6 {[%emt 0:00:12]} 4. cxd5 {[%emt 0:00:08]} exd5 {[%emt 0:00:02]} 5. Bg5 {[%emt 0:00:04]} Nbd7 {[%emt 0:00:17]} 6. e3 {[%emt 0:00:09]} c6 {[%emt 0:00:09]} 7. Bd3 {[%emt 0:00:14]} Be7 {[%emt 0:00:25]} 8. Nge2 {[%emt 0:00:18]} Nb6 {[%emt 0:00:52]} 9. Qc2 {[%emt 0:00:45]} Nh5 {[%emt 0:00:15]} 10. Bxe7 {[%emt 0:01:50]} Qxe7 {[%emt 0:00:03]} 11. Rc1 {[%emt 0:01:18]} g6 {[%emt 0:00:27]} 12. O-O {[%emt 0:01:46]} O-O {[%emt 0:00:05]} 13. Ng3 {[%emt 0:00:36]} Nxg3 {[%emt 0:02:12]} 14. hxg3 {[%emt 0:00:03]} Bd7 {[%emt 0:00:42]} 15. Rfe1 {[%emt 0:00:46]} Rae8 {[%emt 0:00:02]} 16. a3 {[%emt 0:01:27]} Kg7 {[%emt 0:01:12]} 17. b4 {[%emt 0:00:59]} a6 {[%emt 0:01:28]} 18. Ne2 {[%emt 0:00:32]} Nc8 {[%emt 0:00:42]} 19. Nf4 {[%emt 0:01:29]} Nd6 {[%emt 0:00:07]} 20. Qc3 {[%emt 0:01:50]} Qf6 {[%emt 0:01:58]} 21. a4 {[%emt 0:00:50]} Bf5 {[%emt 0:00:52]} 22. b5 {[%emt 0:00:57]} Bxd3 {[%emt 0:00:25]} 23. Qxd3 {[%emt 0:00:04]} axb5 {[%emt 0:00:56]} 24. axb5 Nxb5 {[%emt 0:00:02]} 25. Nxd5 {[%emt 0:00:06]} Qd6 {[%emt 0:01:06]} 26. Nf4 {[%emt 0:00:07]} Nc7 {[%emt 0:00:25]} 27. Rb1 {[%emt 0:00:06]} Rb8 {[%emt 0:00:11]} 28. Rec1 {[%emt 0:00:18]} Rfd8 {[%emt 0:00:13]} 29. Qc3 {[%emt 0:00:09]} Nb5 {[%emt 0:00:13]} 30. Qb2 {[%emt 0:00:07]} Qa3 {[%emt 0:00:19]} 31. Qc2 {[%emt 0:00:10]} Kg8 {[%emt 0:00:15]} 32. Rb3 {[%emt 0:00:05]} Qd6 {[%emt 0:00:03]} 33. Rcb1 {[%emt 0:00:03]} Na3 {[%emt 0:00:04]} 34. Qb2 {[%emt 0:00:10]} Nxb1 {[%emt 0:00:02]} 35. Qxb1 {[%emt 0:00:01]} c5 {[%emt 0:00:19]} 36. dxc5 {[%emt 0:00:04]} Qxc5 {[%emt 0:00:03]} 37. Rxb7 {[%emt 0:00:04]} Rxb7 {[%emt 0:00:14]} 38. Qxb7 {[%emt 0:00:01]} Qd6 {[%emt 0:00:16]} 39. Qf3 {[%emt 0:00:05]} Qd1+ {[%emt 0:00:03]} 40. Qxd1 {[%emt 0:00:02]} Rxd1+ {[%emt 0:00:01]} 41. Kh2 {[%emt 0:00:02]} Rf1 {[%emt 0:00:02]} 42. Nh3 {[%emt 0:00:01]} f5 {[%emt 0:00:07]} 43. f3 {[%emt 0:00:23]} Re1 {[%emt 0:00:03]} 44. e4 {[%emt 0:00:01]} fxe4 {[%emt 0:00:01]} 45. fxe4 Rxe4 {[%emt 0:00:01]} 46. Ng5 {[%emt 0:00:04]} Ra4 {[%emt 0:00:05]} 47. Nf3 Kg7 {[%emt 0:00:03]} 48. Nh4 {[%emt 0:00:02]} Kf6 {[%emt 0:00:02]} 49. Nf3 {[%emt 0:00:00]} Kf5 {[%emt 0:00:05]} 50. Nh4+ {[%emt 0:00:01]} Kg4 {[%emt 0:00:02]} 51. Nf3 {[%emt 0:00:01]} Re4 {[%emt 0:00:03]} 52. Ng1 {[%emt 0:00:02]} h6 {[%emt 0:00:03]} 53. Nh3 {[%emt 0:00:01]} Kf5 {[%emt 0:00:04]} 54. Nf2 {[%emt 0:00:04]} Re1 {[%emt 0:00:02]} 55. Nh3 {[%emt 0:00:01]} g5 {[%emt 0:00:04]} 56. Nf2 {[%emt 0:00:04]} Re2 {[%emt 0:00:04]} 57. Nh3 {[%emt 0:00:05]} Ke4 {[%emt 0:00:05]} 58. Ng1 {[%emt 0:00:01]} Ra2 {[%emt 0:00:02]} 59. Nf3 {[%emt 0:00:02]} Ke3 {[%emt 0:00:02]} 60. Ne5 {[%emt 0:00:06]} Ra4 {[%emt 0:00:06]} 61. Nf7 {[%emt 0:00:03]} Ra6 {[%emt 0:00:03]} 62. Ne5 {[%emt 0:00:00]} h5 {[%emt 0:00:05]} 63. Nf3 {[%emt 0:00:01]} Ra5 {[%emt 0:00:04]} 64. Ng1 {[%emt 0:00:04]} g4 {[%emt 0:00:03]} 0-1

[Event "Cellavision Cup 2019"]
[Site "Lund"]
[Date "2019.08.02"]
[Round "3.16"]
[White "Lindberg, Bengt"]
[Black "Jogstad, Daniel"]
[Result "1-0"]
[WhiteElo "2384"]
[BlackElo "2154"]
[Annotator "NA"]
[PlyCount "81"]
[EventDate "2019.08.02"]
[EventType "swiss"]
[EventCountry "SWE"]
[SourceTitle "playchess.com"]
[Source "ChessBase"]
[SourceQuality "1"]
[TimeControl "900+5"]

1. e4 {[%emt 0:00:00]} c5 {[%emt 0:00:00]} 2. Nf3 {[%emt 0:00:00]} e6 {[%emt 0:00:00]} 3. d4 {[%emt 0:00:02]} cxd4 {[%emt 0:00:00]} 4. Nxd4 {[%emt 0:00:01]} Nf6 {[%emt 0:00:00]} 5. Nc3 {[%emt 0:00:02]} d6 {[%emt 0:00:01]} 6. Be3 {[%emt 0:00:11]} Be7 {[%emt 0:00:02]} 7. f3 {[%emt 0:00:06]} O-O {[%emt 0:00:08]} 8. Qd2 {[%emt 0:00:03]} Nc6 {[%emt 0:00:03]} 9. O-O-O {[%emt 0:00:07]} d5 {[%emt 0:00:10]} 10. exd5 {[%emt 0:00:12]} Nxd5 {[%emt 0:00:11]} 11. Nxd5 {[%emt 0:00:20]} Qxd5 {[%emt 0:00:02]} 12. c4 {[%emt 0:01:27]} Qd7 {[%emt 0:01:20]} 13. Be2 {[%emt 0:00:52]} Bf6 {[%emt 0:00:39]} 14. Nb5 {[%emt 0:00:43]} Qe7 {[%emt 0:00:17]} 15. Qd6 {[%emt 0:00:25]} Qxd6 {[%emt 0:02:07]} 16. Nxd6 {[%emt 0:00:08]} Rd8 {[%emt 0:01:15]} 17. a3 {[%emt 0:00:22]} Be7 {[%emt 0:01:45]} 18. Nb5 {[%emt 0:00:21]} Bd7 {[%emt 0:00:23]} 19. Kb1 {[%emt 0:00:43]} e5 {[%emt 0:00:23]} 20. Bd3 {[%emt 0:01:39]} Be6 {[%emt 0:00:02]} 21. Nc7 {[%emt 0:01:40]} Rac8 {[%emt 0:00:01]} 22. Nxe6 {[%emt 0:00:03]} fxe6 {[%emt 0:00:01]} 23. b4 {[%emt 0:01:11]} Nd4 {[%emt 0:00:21]} 24. c5 {[%emt 0:00:06]} a5 {[%emt 0:01:12]} 25. Bc4 {[%emt 0:00:17]} Kf7 {[%emt 0:00:15]} 26. f4 {[%emt 0:02:44]} Nf5 {[%emt 0:00:00]} 27. Bc1 {[%emt 0:00:02]} h5 {[%emt 0:02:24]} 28. fxe5 {[%emt 0:00:15]} b6 {[%emt 0:00:21]} 29. Ba6 {[%emt 0:01:09]} bxc5 {[%emt 0:00:43]} 30. Bxc8 Rxc8 31. bxa5 {[%emt 0:00:23]} Ke8 {[%emt 0:01:15]} 32. Kc2 {[%emt 0:00:34]} Nd4+ {[%emt 0:00:09]} 33. Kc3 {[%emt 0:00:06]} Ra8 {[%emt 0:00:18]} 34. Be3 {[%emt 0:00:46]} Nb5+ {[%emt 0:00:07]} 35. Kd3 {[%emt 0:00:24]} Rxa5 {[%emt 0:00:08]} 36. Ra1 {[%emt 0:00:01]} Nxa3 {[%emt 0:00:15]} 37. Bc1 {[%emt 0:00:20]} c4+ {[%emt 0:00:12]} 38. Ke4 {[%emt 0:00:01]} Ra4 {[%emt 0:00:43]} 39. Bxa3 {[%emt 0:00:03]} Bxa3 {[%emt 0:00:04]} 40. Ra2 {[%emt 0:00:05]} Ra5 {[%emt 0:00:48]} 41. Rha1 {[%emt 0:00:06]} 1-0

[Event "Cellavision Cup 2019"]
[Site "Lund"]
[Date "2019.08.02"]
[Round "4.1"]
[White "Jepson, Christian"]
[Black "Kulaots, Kaido"]
[Result "0-1"]
[WhiteElo "2391"]
[BlackElo "2560"]
[Annotator "TA"]
[PlyCount "92"]
[EventDate "2019.08.02"]
[EventType "swiss"]
[EventCountry "SWE"]
[SourceTitle "playchess.com"]
[Source "ChessBase"]
[SourceQuality "1"]

{[%evp 16,92,33,34,45,28,42,27,20,20,29,25,64,25,29,18,16,23,29,30,25,16,13,0,0,0,0,0,16,0,30,0,6,7,6,4,11,7,31,31,29,29,31,35,38,33,35,8,8,8,8,8,108,-8,-8,-12,-13,-24,-28,-55,-55,-55,-55,-79,-55,-55,-55,-55,-55,-341,-69,-69,-69,-69,-69,-60,-8,-111,-111]} 1. Nf3 Nf6 2. c4 g6 3. Nc3 d5 4. cxd5 Nxd5 5. Qb3 Nb6 6. d4 Bg7 7. Bf4 O-O 8. Rd1 c6 9. e4 Bg4 {D90: Grünfeld: 4 Nf3 Bg7 sidelines} 10. Be2 N8d7 $146 {[%cal Bb8d7,Bd7c5,Bc5e6,Be6d4][%mdl 32]} (10... Bxf3 11. Bxf3 Bxd4 12. Ne2 c5 13. e5 Nc6 14. e6 f5 15. h4 Qc8 16. Bxc6 Qxc6 17. Nxd4 cxd4 {1-0 (42) Maghsoodloo,P (2666)-Safarli,E (2681) Bandar e Anzali 2019}) 11. O-O Bxf3 {White has an edge.} 12. Bxf3 e5 $1 {[%cal Re5f4]} 13. dxe5 {aiming for e6.} Qc7 14. Be2 Nc5 15. Qa3 Ne6 16. Be3 Bxe5 17. g3 Rfd8 18. Rxd8+ Rxd8 19. Rd1 Bd4 20. Bxd4 Nxd4 21. Bf1 c5 22. Kg2 a6 23. b4 cxb4 24. Qxb4 Nc6 $132 {[%mdl 2048] Black puts up resistance} 25. Rxd8+ Qxd8 26. Qc5 Qd4 27. Qxd4 Nxd4 $14 {[%mdl 4096] Endgame KBN-KNN} 28. f4 f6 29. Kf2 Kf7 30. Ke3 Nc6 31. Nd5 Nxd5+ 32. exd5 $11 {KB-KN} Nb4 33. Kd4 Nxa2 {[#]} (33... b5 $11 {remains equal.}) 34. d6 (34. Bc4 $1 $16 Nc1 35. Kc3) 34... Ke8 35. Bg2 b6 {Threatens to win with ...Kd7.} 36. Bc6+ Kd8 37. Kc4 a5 38. Ba4 Nb4 39. Kb5 Kd7 {Strongly threatening ...Nd5.} (39... Nd5 {is more complex.} 40. Bb3 Nc3+ 41. Kc4 Ne4 42. Kb5 a4) 40. Kxb6+ Kxd6 41. Kxa5 Nd5 42. h3 $2 {[%mdl 8192]} (42. Ka6 $15) 42... Ne3 $2 ({Better is} 42... Nc3 $19 43. Bb3 Ne2) 43. Kb4 $1 $15 Nf5 44. Kc3 Nxg3 {[#] ...Ne2+ is the strong threat.} 45. Kd3 h5 (45... Nf5 $15) 46. Bd1 (46. Be8 $11) 46... h4 {Accuracy: White = 36%, Black = 55%.} 0-1

[Event "Cellavision Cup 2019"]
[Site "Lund"]
[Date "2019.08.02"]
[Round "4.2"]
[White "Burg, Twan"]
[Black "Lindberg, Bengt"]
[Result "1-0"]
[WhiteElo "2526"]
[BlackElo "2384"]
[Annotator "TA"]
[PlyCount "102"]
[EventDate "2019.08.02"]
[EventType "swiss"]
[EventCountry "SWE"]
[SourceTitle "playchess.com"]
[Source "ChessBase"]
[SourceQuality "1"]

{[%evp 28,102,26,26,32,32,38,27,43,50,42,50,41,33,55,37,33,27,20,12,22,0,16,0,37,0,16,0,0,0,0,0,27,26,27,12,12,0,0,0,0,0,0,0,0,0,6,0,5,0,0,0,24,18,16,8,0,0,0,0,5,6,7,3,12,0,0,0,0,0,0,0,0,0,0,0,282]} 1. e4 c5 2. Nf3 e6 3. d4 cxd4 4. Nxd4 Nc6 5. Nc3 Qc7 6. Be3 a6 7. Be2 Nf6 8. O-O Bb4 9. Na4 Be7 10. Nxc6 bxc6 11. Nb6 Rb8 12. Nxc8 Qxc8 13. Bd4 c5 14. Be5 Rb6 15. Qd3 d6 {B49: Sicilian: Taimanov: 5 Nc3 Qc7 6 Be3 a6 7 Be2} 16. Bc3 O-O 17. b3 (17. Rad1 Qc6 18. e5 Nd5 19. Bf3 c4 20. Qd2 dxe5 21. Bxe5 Rd8 22. b3 Rb5 23. bxc4 Qxc4 {1-0 (88) Ponomariov,R (2709)-Neiksans,A (2631) Tallinn 2016}) 17... d5 {White has an edge.} 18. exd5 Nxd5 19. Be5 Bf6 20. Bxf6 Nxf6 21. Rad1 (21. Rfd1 {seems wilder.} Qc7 22. Qd2 Nd5 23. Bf3 Nf6 24. Qa5) 21... Qc7 {[#]} 22. Qg3 $146 (22. Qd2 {is interesting.} Ne4 23. Qe3 Nf6 24. Bc4 Rbb8 25. Qg3) ({Predecessor:} 22. Qc4 a5 23. c3 {1-0 (76) Duda,J (2576)-Cori Tello,J (2549) Tromsoe 2014}) 22... Qxg3 23. hxg3 Rfb8 24. Rd3 Kf8 25. Rfd1 Ke7 26. Rc3 Rc6 27. Bf3 Rc7 28. Kf1 Rb6 29. Ke2 Rd6 30. Rc4 Nd5 31. a3 Nb6 32. Rg4 {White wants to play Rxd6.} (32. Rxd6 {with more complications.} Kxd6 33. Rh4 h6 34. Kd3 a5 35. Kc3) 32... Rxd1 33. Kxd1 $11 {[%mdl 4096] Endgame KRB-KRN} g6 34. Rh4 h5 35. g4 hxg4 36. Rxg4 a5 37. Kd2 e5 38. Kc3 Rc8 39. Rh4 Kd6 40. Rh7 Rc7 {The position is equal.} 41. Rh8 c4 $1 42. b4 Na4+ $1 43. Kd2 axb4 44. axb4 c3+ 45. Ke3 Rc4 46. Rd8+ Ke7 47. Rb8 f5 48. Bd5 Rd4 49. Bb3 Nb2 50. b5 Rd2 51. b6 g5 $2 {[%mdl 8192] Accuracy: White = 47%, Black = 65%.} ({But not} 51... Nd1+ $2 52. Kf3 $18) (51... Kd7 $1 $11 {and Black is okay.}) 1-0

[Event "Cellavision Cup 2019"]
[Site "Lund"]
[Date "2019.08.02"]
[Round "4.6"]
[White "Popilski, Gil"]
[Black "Silseth, Simon"]
[Result "1-0"]
[WhiteElo "2467"]
[BlackElo "2264"]
[Annotator "TA"]
[PlyCount "59"]
[EventDate "2019.08.02"]
[EventType "swiss"]
[EventCountry "SWE"]
[SourceTitle "playchess.com"]
[Source "ChessBase"]
[SourceQuality "1"]

{[%evp 18,59,30,30,54,54,50,48,52,62,47,47,48,45,58,37,86,78,121,117,170,161,301,248,360,389,382,386,385,345,495,464,474,467,486,475,488,485,469,436,509,509,509,486]} 1. d4 d5 2. c4 e6 3. Nf3 Nf6 4. g3 Be7 5. Bg2 O-O 6. Nc3 b6 7. O-O Bb7 8. cxd5 Nxd5 9. Qc2 Nxc3 10. bxc3 {Ng5 is the strong threat.} Nd7 {E18: Queen's Indian: Old Main Line (4 g3 Bb7 5 Bg2 Be7 6 0-0 0-0 7 Nc3)} 11. Ng5 $1 Bxg5 12. Bxb7 Rb8 {White is slightly better.} 13. Bxg5 (13. Bc6 Bxc1 14. Raxc1 Nf6 15. Qa4 Qd6 16. Bg2 a5 17. e4 Qd7 18. Qb3 {½-½ (67) Banikas,H (2599)-Timoshenko,G (2552) Eforie Nord 2009}) 13... Qxg5 14. Bc6 Nf6 15. e4 $146 ({Predecessor:} 15. e3 Qh5 16. Bg2 b5 17. a4 a6 18. axb5 axb5 {½-½ (77) Lingnau,C (2395)-Ressmann,A (2257) Recklinghausen 2000}) 15... e5 16. f4 exf4 17. Rxf4 Rbd8 18. Raf1 Rd6 (18... Qg6 $16) 19. Ba4 $36 {[%mdl 2048] [#] Threatens to win with e5. White is on the roll.} Ng4 (19... Rdd8 $142 20. Qf2 Qh5) 20. Qe2 h5 (20... Nh6 {was worth a try.} 21. e5 Qe7) 21. e5 Re6 22. Bb3 Re7 23. Qd3 g6 (23... Rd7 $142 24. Qf3 Nh6) 24. h3 {White is clearly winning.} Nxe5 25. dxe5 Kg7 26. e6 f5 27. h4 Qf6 28. Qd4 Qxd4+ 29. cxd4 Rd8 30. Rc1 {Accuracy: White = 91%, Black = 25%.} 1-0

[Event "Cellavision Cup 2019"]
[Site "Lund"]
[Date "2019.08.02"]
[Round "4.9"]
[White "Shirov, Alexei"]
[Black "Petersson, Baldur Teodor"]
[Result "1-0"]
[WhiteElo "2658"]
[BlackElo "2179"]
[Annotator "TA"]
[PlyCount "61"]
[EventDate "2019.08.02"]
[EventType "swiss"]
[EventCountry "SWE"]
[SourceTitle "playchess.com"]
[Source "ChessBase"]
[SourceQuality "1"]

{[%evp 14,65,62,61,63,63,88,83,94,66,83,73,91,80,133,137,248,277,283,290,350,359,515,512,521,533,746,710,709,711,753,728,754,754,746,733,717,738,824,829,825,825,772,787,746,814,793,781,1106,1152,1008,955,902,883]} 1. e4 c5 2. Nf3 e6 3. d4 cxd4 4. Nxd4 a6 5. c4 Qc7 6. Nc3 Nf6 7. Be2 b6 8. Be3 Bb7 {B41: Sicilian: Kan Variation: 5 c4} 9. f3 d6 (9... Be7 10. O-O O-O 11. Kh1 d6 12. Rc1 Nbd7 13. b4 Rac8 14. a3 Rfe8 15. Qd2 Qb8 16. Rfd1 Bd8 17. Nb3 Bc7 18. Bf4 d5 19. Bxc7 Rxc7 20. cxd5 exd5 21. exd5 Nxd5 22. Nxd5 Bxd5 23. Nd4 b5 24. Bf1 Rxc1 25. Rxc1 {½-½ (40) Yu,Y (2738)-Karthikeyan,M (2578) Moscow 2017}) 10. g4 $146 ({Predecessor:} 10. O-O Be7 11. Qd2 O-O 12. Rfc1 Rc8 13. b4 Nbd7 14. Na4 Qd8 15. Rab1 Rab8 16. Rc2 h5 17. Kh1 h4 18. Bf1 h3 19. gxh3 Nxe4 20. fxe4 Bxe4+ {0-1 (54) Tokhirjonova,G (2444)-Koneru,H (2541) St Petersburg 2018}) 10... h6 {White is better.} 11. Rc1 Nbd7 12. h4 Be7 13. Kf2 Rd8 (13... Ne5 $142) 14. g5 $16 Nh5 (14... Nh7 $16 {was necessary.} 15. f4 (15. gxh6 gxh6 16. Bxh6 Rg8 $16) 15... Nhf8) 15. f4 $18 Nxf4 16. Bxf4 e5 17. Nd5 Qc5 (17... Bxd5 {was called for.} 18. cxd5 Nc5) 18. Be3 {White is clearly winning.} exd4 19. Bxd4 {[%mdl 64] [#] Double Attack} Qa5 20. b4 Qa3 21. Rc3 Qxa2 22. Bxg7 {[%cal Rd5c7]} Bxd5 23. exd5 Rh7 24. gxh6 Ne5 25. Rhh3 Ng4+ 26. Kf1 Nxh6 27. Bd4 Nf5 28. Ra3 {[%cal Bc3a3,Ba3a2,Ba2e2][%mdl 32]} Rxh4 29. Rxa2 Rxh3 30. Bg1 Bh4 31. Qc2 {Played: Be2-g4} 1-0

[Event "Cellavision Cup 2019"]
[Site "Lund"]
[Date "2019.08.02"]
[Round "4.10"]
[White "Kryakvin, Dmitry"]
[Black "Namini, Armin"]
[Result "1-0"]
[WhiteElo "2586"]
[BlackElo "2241"]
[Annotator "TA"]
[PlyCount "57"]
[EventDate "2019.08.02"]
[EventType "swiss"]
[EventCountry "SWE"]
[SourceTitle "playchess.com"]
[Source "ChessBase"]
[SourceQuality "1"]

{[%evp 11,57,22,22,31,29,21,33,0,15,19,27,35,56,49,56,41,93,51,65,45,54,43,37,28,35,16,58,50,62,25,34,33,85,73,165,168,162,136,136,136,258,238,978,937,29988,29989,29994,29995]} 1. d4 Nf6 2. Bg5 c5 3. Bxf6 gxf6 4. d5 Qb6 5. Qc1 f5 6. c4 Bg7 7. Nc3 {A45: Trompowsky Attack} d6 8. e3 Nd7 9. Nf3 {White is slightly better.} (9. Nh3 Nf6 10. Be2 Ne4 11. O-O Nxc3 12. bxc3 Qa5 13. Rb1 Qxc3 14. Qd1 b6 {½-½ (75) Vitiugov,N (2719)-Nakamura,H (2746) St Petersburg 2018}) 9... a6 $146 ({Predecessor:} 9... Nf6 10. Bd3 Ne4 11. Bxe4 fxe4 12. Nd2 f5 13. O-O O-O 14. f3 exf3 15. Rxf3 {1-0 (38) Yakubboev,N (2556)-Pantsulaia,L (2597) St Petersburg 2018}) 10. Bd3 Ne5 11. Nxe5 Bxe5 12. O-O Bd7 13. Rb1 Qa5 (13... h5 $14) 14. a3 b5 15. Qc2 e6 16. Ne2 O-O 17. Nf4 Rab8 18. Rfd1 b4 19. axb4 Rxb4 20. dxe6 fxe6 21. Bf1 Qb6 (21... Rb7 $14) 22. b3 $16 Bxf4 (22... Qc7 $16) 23. exf4 $18 Qc7 24. Ra1 Rb6 25. Rd3 Rd8 (25... h6 $16) 26. Rg3+ Kf7 $2 (26... Kh8 27. Qc3+ e5) 27. Qe2 {White wants to mate with Qh5+.} Rg8 28. Qh5+ {[%mdl 64] [#] Double Attack} Kf8 29. Qh6+ {Accuracy: White = 73%, Black = 31%.} 1-0